| 000 | 01125aam a2200313 i 4500 | ||
|---|---|---|---|
| 001 | 192 | ||
| 003 | CO-MdFUSB | ||
| 005 | 20220601124527.0 | ||
| 008 | 220601t1975 sp |||| |||| 00| 0 spa d | ||
| 020 | _a842541004-5 | ||
| 040 |
_bspa. _aCO-MdFUSB _cCO-MdFUSB _dCO-MdFUSBC _erda |
||
| 041 | _aspa | ||
| 082 | 0 | 4 |
_a225.82 _bS3222 |
| 100 | 1 | _aSchelkle, Karl Hermann | |
| 245 | 1 | 0 |
_aTeología del Nuevo Testamento _cKarl Hermann Schelkle; Traductor: Rafael Puente |
| 260 | _aBarcelona, España : Herder | ||
| 264 | 1 |
_aBarcelona, España : _bHerder, _c[1975] |
|
| 264 | 4 | _c© 1975 | |
| 300 | _c; | ||
| 336 |
_2rdacontent _atexto _btxt |
||
| 337 |
_2rdamedia _asin mediación _bn |
||
| 338 |
_2rdacarrier _avolumen _bnc |
||
| 500 | _aTítulo original: Theologie des Neuen Testaments | ||
| 505 | _aVol. 1 : Creación : El mundo - El tiempo - El hombre. Vol. 2 : Dios estaba en Cristo. Vol. 3 : Moral. Vol. 4 : Consumación de la obra creadora y redentora. Comunidad de discípulos e Iglesia. | ||
| 630 | 0 | _aLibros básicos de teología. | |
| 630 | 0 | 7 |
_aBiblia. _pNuevo Testamento |
| 942 | _cBK | ||
| 945 | _aEstudiante | ||
| 999 |
_c31729 _d31729 |
||